| 000 | 00648nam a2200217 a 4500 | ||
|---|---|---|---|
| 001 | 67899 | ||
| 003 | BD-RjUL | ||
| 005 | 20211209081714.0 | ||
| 008 | 170329s1990 ii a|||| |||| 000 0 eng d | ||
| 020 | _a8171410677 | ||
| 035 | _a(BD-RjUL)68108 | ||
| 040 |
_aBD-RjUL _beng _cBD-RjUL _dBD-RjUL |
||
| 041 | _aeng | ||
| 082 |
_223 _a541.303 _bSAM 1990 |
||
| 100 | 1 |
_aSatake, M _9201279 |
|
| 245 | 1 | 0 |
_aModern dictionary : _bpharmaceutical chemistry / _cM Satake |
| 260 |
_aNew Delhi : _bDiscovery Pub. House, _c1990 |
||
| 300 |
_aviii, 260 p : _bill. ; _c23 cm. |
||
| 650 |
_aChemistry, Physical and theoretical _xDictionary _9201280 |
||
| 942 |
_2ddc _cBK |
||
| 999 |
_c67899 _d67899 |
||